Responses for show #4576 - Monday, June 28, 2004

Ken Jennings game 19.

Contestants

[<< previous game]

Lori Fountain, a homemaker and substitute teacher from Henderson, Nevada

Michael Magdalena, a government analyst from Anaheim, California

Ken Jennings, a software engineer from Salt Lake City, Utah (whose 18-day cash winnings total $601,760)

[next game >>]

Jeopardy! Round responses

LUXEMBOURG
THE CINEMA
WHAT AM I HAVING?
Y-R
(Alex: Not The Young and the Restless, but each correct response will begin with a "Y" and end with a letter "R".)
HAIR TODAY
GONE TOMORROW?
    $200 6
(Alex: When you say Moselle, it should make you think of wine. So, it's a kind of [*].)

grape

Triple Stumper
    $200 1
The Matrix

Ken
    $200 8
draft beer

Triple Stumper
    $200 21
a year

Lori
    $200 26
bob

Michael
    $200 13
a snail

Michael
    $400 7
German

Michael
    $400 2
[Ken delivers his response in his best Forrest Gump imitation.]
...
(Alex: I loved the accent, too.)

Forrest Gump

Ken
    $400 9
sausage

Ken
    $400 22
Yom Kippur

Michael
    $400 27
Trump

Ken
    $400 14
(Ken: What's a butterfly?)

a dragonfly

Ken
Triple Stumper
    $600 16
Victor Hugo

Michael
    $600 3
O Brother, Where Art Thou?

Ken
    $600 10
sugar

Michael
    $600 23
Chuck Yeager

Ken
    $600 28
dreadlocks

Lori
    $600 15
a rattlesnake

Ken
    $2,000 19
(Alex: That's it, the Benelux countries.)

Belgium & the Netherlands

Ken
    $800 4
Pandora's box

Michael
    $800 11
chicken

Michael
    $800 24
Younger

Ken
    $800 29
a mullet

Lori
    $800 17
(Michael: What is a parrot?)
(Ken: What's the spotted owl?)

the woodpecker

KenMichael
Triple Stumper
    $1000 20
(Ken: What's a duke?)
(Alex: Be more specific.)

a grand duke

Ken
    $1000 5
Monsters, Inc.

Ken
    $1000 12
a pizza with everything

Lori
    $1000 25
Yeller

Michael
    $1000 30
a Caesar (cut)

Lori
    $1000 18
a wolf

Ken

Scores at the first commercial break (after clue 15):

Ken Michael Lori
$2,800 $2,800 $1,000

Scores at the end of the Jeopardy! Round:

Ken Michael Lori
$7,800 $4,200 $3,600

Double Jeopardy! Round responses

MAIN STREET U.S.A.
POP MUSIC
"A"NCIENT GREEKS
FLOWERS
BRITISH INVENTIONS
BEFORE & AFTER
    $400 26
Norwegian

Michael
    $400 16
Eminem

Ken
    $400 11
Aesop

Ken
    $400 21
a daisy

Lori
    $400 2
a baby carriage

Ken
    $400 1
Freaky Friday the 13th

Michael
    $800 27
(Alex: It's a good thing you got that one. Couldn't be able to go home otherwise.)

Temple Square

Ken
    $800 17
"Like A Rolling Stone"

Ken
    $800 12
Aristotle

Michael
    $800 22
a carnation

Ken
    $800 7
(Lori: What is a remote control?)

a universal joint

Lori
Triple Stumper
    $800 3
Erik the Red Giant

Ken
    $1200 28
Southampton

Triple Stumper
    $1200 18
Toby Keith

Lori
    $1200 13
Aristophanes

Ken
    $5,000 23
(Ken: I don't know so much about flowers. I'm gonna wager $5,000, anyway.)
[Laughter]
(Alex: I don't know so much about love, but I'm gonna get married, anyway.)

poppies

Ken
    $1200 8
(James) Nasmyth

Ken
    $1200 4
Nancy Drew Barrymore

Ken
    $1600 29
Ann Arbor

Triple Stumper
    $1600 19
"Fallin'"

Lori
    $1600 14
Archimedes

Lori
    $1600 24
daffodils

Lori
    $1600 9
camouflage

Michael
    $1600 5
Cape Horn o' Plenty

Michael
    $3,200 30
(Ken: Let me see. Uh, I'm gonna bet $3,200, Alex.)
(Alex: 32. I was expecting 52.)
(Ken: I was very close to $5,200.)

Stillwater

Ken
    $2000 20
Pete Yorn

Triple Stumper
    $2000 15
Aeschylus

Ken
    $2000 25
the Rocky Mountain columbines

Triple Stumper
    $2000 10
(Michael: What is a torch?)

Sir Humphry Davy

Michael
Triple Stumper
    $2000 6
the Richard Donner Party

Ken

Scores at the end of the Double Jeopardy! Round:

Ken Michael Lori
$28,000 $7,000 $9,200
(lock game)

[wagering suggestions for these scores]

Final Jeopardy! Round responses

BOOK TITLES
(Alex: "Rose of Sharon" from the [*] in the Bible, and [*] by Toni Morrison.)
MichaelWhat is the Grapes of Wrath?
$6,999
LoriWhat is The grapes of Wrath?
$9,099
KenWhat is ?
$7,000
Song of Solomon

Final scores:

Ken Michael Lori
$21,000 $1 $101
19-day champion: $622,760 3rd place: $1,000 2nd place: $2,000

Game dynamics:

Coryat scores:

Ken Michael Lori
$21,800 $7,000 $9,200
26 R
(including 3 DDs),
2 W
14 R,
2 W
10 R,
1 W

Combined Coryat: $38,000

The J! Archive is created by fans, for fans. The Jeopardy! game show and all elements thereof, including but not limited to copyright and trademark thereto, are the property of Jeopardy Productions, Inc. and are protected under law. This website is not affiliated with, sponsored by, or operated by Jeopardy Productions, Inc. Join the discussion at JBoard.tv.